000 00717 a2200205 4500
001 63040
005 20260407155925.0
008 260407a1987 arg spa d
003 AR-UNSa-BCEJYS
040 _aAR-UNSa-BCEJYS
_bspa
_cAR-UNSa-BCEJYS
080 _a808.51
_xDisertación pública. Oratoria. Discursos de sobremesa. Oratoria pública. Discursos y brindis en ocasiones especiales
245 1 0 _aArte de la persuasión oral
_pTeoría y práctica de la comunicación por la palabra
020 _a978-950-508-133-2
264 1 _aBuenos Aires :
_bAstrea
_c1987
300 _a304 p.
_c20 cm.
041 _aspa
942 _cBK
590 _aniveau_biblio:m niveau_hierar:0
100 1 _aFernández, Alberto Vicente
999 _c7941
_d7941